1403 1467 1616 1538 1357 1280 1934 1582 1209 1801 1080 1961 1063 1837 1288 1247 1441 1086 1415 1702 1847 1118 1505 1361 1134 1259 1550 1910 1650 1541 1556 1628 1504 1053 1340 1691 1738 1967 1510 1958 1489 1859 1436 1653 1516 1023 1983 1068 1366 1405 1878 1893 1905 1858 1186 1058 1031 1715 1687 1553 1562 1274 1227 1030 1464 1299 1531 1957 1050 1850 1629 1912 1826 1127 1995 1715 1257 1100 1331 1078 1567 1137 1569 1533 1907 1856 1291 1195 1395 1630 1003 1947 1334 1745 1178 1461 1200 1842 1691 BCNSPRNW ULIB Ver.6.0+V

เปลี่ยนเป็นภาษาไทย

Change to English
 แสดงรายละเอียดบรรณานุกรม
  กลับหน้าหลัก

Brief Record : Get Marc (ISO 2709) : E-mail record : QR code < ปิดหน้าต่าง
LEADER : 00000nam 2200000uu 4500
001    13399114020
003     ULIB
008    120110s||||||||th 000 0 tha d
099    วจ.WA590^bจ590ก
100 0  จอมขวัญ โยธาสมุทร
245 00 การสร้างเสริมสุขภาพสำหรับพนักงานโรงงานและคนงานก่อสร้าง : บทบาทของการตลาดเพื่อสังคม/^cจอมขวัญ โยธาสมุทร,เชิญขวัญ ภุชฌงค์,ทรงยศ พิลาสันต์,รุ่งนภา ธีระอนันต์ชัย,รักมณี บุตรชน,กัลยา ตีระวัฒนานนท์,ศรีเพ็ญ ตันติเวส และ ยศ ตีระวัฒนานนท์
260    นนทบุรี :^bโครงการประเมินเทคโนโลยีและนโยบายด้านสุขภาพ,^c2553
300    190 หน้า :^bตาราง
500    รายงานการวิจัย
650  7 การสร้างเสริมสุขภาพ^xพนักงานโรงงาน^xวิจัย
700 0  เชิญขวัญ ภุชฌงค์
700 0  ทรงยศ พิลาสันต์
700 0  รุ่งนภา ธีระอนันต์ชัย
700 0  รักมณี บุตรชน
700 0  กัลยา ตีระวัฒนานนท์
700 0  ศรีเพ็ญ ตันติเวส
700 0  ยศ ตีระวัฒนานนท์
710    โครงการประเมินเทคโนโลยีและนโยบายด้านสุขภาพ
945    ^p0^l0^i030985
945    ^p0^l0^i001388
995    ทศพร
999 ^a ทศพร
รายการนี้ยังไม่มีแท็ก
คุณยังไม่ได้ล็อกอิน คุณสามารถมีกิจกรรมร่วมกับเว็บไซต์ได้ แต่ต้องล็อกอินก่อน ::
  ล็อกอิน

รายการสื่อสารสนเทศ

ลำดับที่ ประเภท เลขเรียก/บาร์โค้ด สถานที่ สถานะ
1. งานวิจัย
งานวิจัย
วจ.WA590 จ590ก ฉ.1 
  Barcode: 030985
ห้องสมุดวิทยาเขตสวรรค์ประชารักษ์
►วิจัย
บนชั้น
2. งานวิจัย
งานวิจัย
วจ.WA590 จ590ก ฉ.2 
  Barcode: 001388
ห้องสมุดวิทยาเขตสวรรค์ประชารักษ์
►วิจัย
บนชั้น

รายการใกล้เคียง
    ผู้แต่ง [จอมขวัญ โยธาสมุทร]

BibComment


ยังไม่เคยถูกคอมเมนท์

คอมเมนท์ทรัพยากรรายการนี้
  คอมเมนท์: การสร้างเสริมสุขภ..


 Copyright 2026. Bcnsprnw @Library